Cameron Geller Cinematic Universe Characters - Statistics

General Stats
  • This quiz has been taken 79 times
    41 since last reset
  • The average score is 28 of 45
Answer Stats
Hints Answer % Correct
Definitely Gay Chase Wood
92%
Professionally Offended Emily Wokerson
88%
Doesn't Trigger The Gaydar Jack Hoffmen
81%
Going Deeper Richard Rider
81%
Zero Comebacks Caleb Cantroast
77%
Prepared For Anything Justin Case
77%
Professional Gold Digger Anita Richman
73%
Professional Astrologist Ashley Asparagus
73%
Overly Honest Frank Leigh
73%
Ethnically Questional Doctor Max Harm
73%
Full Grown Child Noah Dultin
73%
Peaked in High School Chad Thundercock
69%
Definitely Cheating Chase Tail
69%
Professional Hardship One-Upper Eve Enworse
69%
Professional Cheapskate Freddy Frugal
69%
Professional Introvert Tim Iddboy
69%
Professional Pick Me (Male) Timothy Bichboy
69%
Accidentaly Triggers the Gaydar Fin Gerchicks
65%
Professional Vegan Glenn Treafuker
65%
Therapist Who Needs A Therapist Gus Lighter
65%
Professional Health Nut Leif E. Greens
65%
Professional Trust Fund Baby Rich Parentson
65%
Definitely Not A Criminal Robin Banks
65%
Facebook Scientist Sharon Poasts
65%
Professional Procrastinator Tom Morrow
65%
Professional Virgin Tyler Choadson
65%
Criminal Criminal Lawyer Al Iby
62%
Late To Every Trend Bjorn Yesterday
62%
Survival Expert Bushy Beavers
62%
Professional Politician Phil F. Schite
62%
Definitely Not AI Hugh Mann
58%
Chronically online Owen Line
58%
Makes Everything S*xual Ron Cheethots
58%
Professional Self Defense Instructor Sensei Senseless
58%
Professional Oversharer Sharon Tumuch
58%
Toxic Positivity Pro Will Power
58%
Professional It's Just A Prank Wayne Tufhar
54%
Non Confrontational Cop Officer Avoidy
50%
All About Raw Connection Fabio
42%
TikTok F*ckbois Kyle Megacringe
42%
Professional Theater Student Nathaniel Noughfuteur
35%
Definitely Not Mainstream Alvin Alturnitive
23%
Professional C*ckblocker Noah S. Feryu
23%
Professional Pick Me (Female) Katilyn Furdaboys
15%
Professional "Knows Her Worth" Tracey Hatemen
15%
No matching quizzes found
Score Distribution
Percent of People with Each Score
Percentile by Number Answered
Your Score History
You have not taken this quiz since the last reset